000 00733nam a2200241Ia 4500
003 OSt
005 20220928132647.0
006 a|||||r|||| 00| 0
007 ta
008 220927b |||||||| |||| 00| 0 eng d
020 _c395
024 _a103174
037 _b483, 02/12/2009, Pioneer Book Distributors
_cTextual
040 _aSDCL
_cSDCL
_beng
041 _2eng
_aeng
082 _aX:72, P9
100 _aCohn Steven Mark
_9482595
245 0 _aMacroeconomics
_b Understanding economic outcomes.
260 _aAhmedabad
_bJaico Publishing
_c2009
650 _aBuisness Economics
942 _hX:72, P9
_cTEXL
_2CC
999 _c795349
_d795349